[Event "US Open-113"]
[Site "Vancouver"]
[Date "2012.08.10"]
[Round "7"]
[White "Gurevich, Dmitry"]
[Black "Ummel, Igor"]
[Result "1-0"]
[WhiteElo "2468"]
[BlackElo "2162"]
[PlyCount "127"]
[EventDate "2012.08.04"]
[EventType "swiss"]
[EventRounds "9"]
[EventCountry "USA"]
[SourceTitle "CBM 149 Extra"]
[Source "ChessBase"]
[SourceDate "2012.08.24"]
[SourceVersion "1"]
[SourceVersionDate "2012.08.24"]
[SourceQuality "1"]

1. d4 c5 2. d5 Nf6 3. c4 e6 4. Nc3 exd5 5. cxd5 d6 6. e4 g6 7. f4 Bg7 8. Bb5+ Nfd7 9. a4 Na6 10. Nf3 0-0 11. 0-0 Nb4 12. Bd2 a6 13. Bc4 Re8 14. Be1 Nb6 15. Be2 f5 16. a5 fxe4 17. Ng5 Nd7 18. Ne6 Rxe6 19. dxe6 Nf6 20. Bh4 Bxe6 21. Nxe4 Bd5 22. Bxf6 Bxf6 23. Nxf6+ Qxf6 24. Bf3 Bxf3 25. Qxf3 Qxb2 26. f5 Rf8 27. f6 Qd4+ 28. Kh1 Nd3 29. Rab1 Rf7 30. h3 Ne5 31. Qb3 c4 32. Qa4 Nc6 33. Rbd1 Qc5 34. Rde1 Rf8 35. Qa1 Ne5 36. Qc3 Qd5 37. Rf4 Rf7 38. Ref1 Qd3 39. Qxd3 cxd3 40. Rd4 Rd7 41. Re1 Nc6 42. Rxd3 Nxa5 43. Re7 Rxe7 44. fxe7 Kf7 45. Rxd6 Kxe7 46. Rb6 Kd7 47. Kg1 Kc7 48. Rf6 Nc6 49. Kf2 Ne7 50. Rf7 Kd6 51. Rxh7 a5 52. Ke2 b5 53. Kd3 a4 54. h4 Nd5 55. Kd4 Nf4 56. g4 Ne6+ 57. Kc3 Ke5 58. Rf7 Nd8 59. Rf1 Nc6 60. h5 gxh5 61. gxh5 Ne7 62. h6 Nd5+ 63. Kb2 Nf6 64. Rg1 1-0

[Event "US Open-113"]
[Site "Vancouver"]
[Date "2012.08.09"]
[Round "6"]
[White "Ummel, Igor"]
[Black "Thompson, Ian D"]
[Result "1/2-1/2"]
[WhiteElo "2162"]
[BlackElo "2243"]
[PlyCount "33"]
[EventDate "2012.08.04"]
[EventType "swiss"]
[EventRounds "9"]
[EventCountry "USA"]
[SourceTitle "CBM 149 Extra"]
[Source "ChessBase"]
[SourceDate "2012.08.24"]
[SourceVersion "1"]
[SourceVersionDate "2012.08.24"]
[SourceQuality "1"]

1. e4 e6 2. b3 d5 3. Bb2 dxe4 4. Nc3 Nf6 5. Qe2 Nbd7 6. Nxe4 Nxe4 7. Qxe4 Nf6 8. Qh4 Be7 9. Nf3 Nd5 10. Qe4 Nf6 11. Qe2 0-0 12. g3 b6 13. Bg2 Bb7 14. 0-0 c5 15. c4 Qc8 16. Rad1 Rd8 17. Rfe1 1/2-1/2

[Event "US Open-113"]
[Site "Vancouver"]
[Date "2012.08.09"]
[Round "6"]
[White "Vibbert, Sean"]
[Black "Ummel, Igor"]
[Result "0-1"]
[WhiteElo "2240"]
[BlackElo "2162"]
[PlyCount "118"]
[EventDate "2012.08.04"]
[EventType "swiss"]
[EventRounds "9"]
[EventCountry "USA"]
[SourceTitle "CBM 149 Extra"]
[Source "ChessBase"]
[SourceDate "2012.08.24"]
[SourceVersion "1"]
[SourceVersionDate "2012.08.24"]
[SourceQuality "1"]

1. e4 c6 2. d4 d5 3. Nc3 dxe4 4. Nxe4 Bf5 5. Ng3 Bg6 6. h4 h6 7. Nf3 Nd7 8. h5 Bh7 9. Bd3 Bxd3 10. Qxd3 e6 11. Bd2 Ngf6 12. 0-0-0 Be7 13. Kb1 0-0 14. Ne4 Nxe4 15. Qxe4 Nf6 16. Qe2 Qd5 17. c4 Qe4+ 18. Qxe4 Nxe4 19. Be3 f5 20. d5 f4 21. Bd4 exd5 22. cxd5 cxd5 23. Rhe1 Rfe8 24. Be5 Bb4 25. Rf1 Nd2+ 26. Nxd2 Rxe5 27. Nf3 Rxh5 28. Rd4 Bd6 29. Rfd1 Bc5 30. Rxf4 Bxf2 31. g4 Rh3 32. Rxd5 Rc8 33. a3 Rf8 34. Rxf8+ Kxf8 35. Rf5+ Ke7 36. g5 Ke6 37. Rf4 h5 38. Ka2 Rg3 39. b4 Bb6 40. Rf8 Ke7 41. Rf5 g6 42. Rf4 Rg4 43. Rxg4 hxg4 44. Ne5 Ke6 45. Nxg4 Kf5 46. Nh2 Kxg5 47. Kb3 Kf4 48. Kc4 g5 49. a4 g4 50. Nf1 g3 51. Nxg3 Kxg3 52. a5 Bd8 53. Kd5 Be7 54. b5 Bd8 55. a6 bxa6 56. bxa6 Kf4 57. Kc6 Ke5 58. Kb7 Bb6 59. Kc6 Kd4 0-1

[Event "US Open-113"]
[Site "Vancouver"]
[Date "2012.08.07"]
[Round "4"]
[White "Ummel, Igor"]
[Black "Ulrich, Thomas M"]
[Result "1/2-1/2"]
[WhiteElo "2162"]
[BlackElo "2193"]
[PlyCount "46"]
[EventDate "2012.08.04"]
[EventType "swiss"]
[EventRounds "9"]
[EventCountry "USA"]
[SourceTitle "CBM 149 Extra"]
[Source "ChessBase"]
[SourceDate "2012.08.24"]
[SourceVersion "1"]
[SourceVersionDate "2012.08.24"]
[SourceQuality "1"]

1. e4 c6 2. d4 d5 3. Nc3 dxe4 4. Nxe4 Bf5 5. Ng3 Bg6 6. Bc4 e6 7. N1e2 Nf6 8. 0-0 Bd6 9. f4 Qc7 10. f5 exf5 11. Bf4 Bxf4 12. Rxf4 0-0 13. Nxf5 Bxf5 14. Rxf5 Ng4 15. Rh5 Nd7 16. Bd3 Ndf6 17. Rh3 Rae8 18. Qd2 Ne4 19. Qf4 Qxf4 20. Nxf4 Ngf2 21. Re3 Nxd3 22. Nxd3 f5 23. Rae1 Rd8 1/2-1/2

[Event "CAN-ch op 49th"]
[Site "Victoria"]
[Date "2012.07.12"]
[Round "8"]
[White "Botez, Alexandra"]
[Black "Ummel, Igor"]
[Result "1/2-1/2"]
[WhiteElo "2008"]
[BlackElo "2171"]
[PlyCount "93"]
[EventDate "2012.07.08"]
[EventType "swiss"]
[EventRounds "9"]
[EventCountry "CAN"]
[SourceTitle "CBM 149 Extra"]
[Source "ChessBase"]
[SourceDate "2012.08.24"]
[SourceVersion "1"]
[SourceVersionDate "2012.08.24"]
[SourceQuality "1"]

1. d4 Nf6 2. c4 c5 3. d5 e6 4. Nc3 exd5 5. cxd5 d6 6. Nf3 g6 7. Bf4 a6 8. a4 Bg7 9. e4 0-0 10. Nd2 Re8 11. Be2 Qe7 12. 0-0 Nbd7 13. h3 Ne5 14. Bh2 g5 15. f4 gxf4 16. Bxf4 Nfd7 17. Nf3 Nxf3+ 18. Bxf3 Ne5 19. Bh5 Rf8 20. Qd2 Ng6 21. Bg3 Bd7 22. a5 Be5 23. Bxe5 Qxe5 24. Qh6 Rae8 25. Rf2 Qg7 26. Qd2 Re5 27. g4 Re7 28. Kh1 f6 29. Bxg6 Qxg6 30. Qf4 Re5 31. Rg1 Bb5 32. Rg3 Qg5 33. Kg2 Qxf4 34. Rxf4 Kg7 35. h4 h6 36. Rf5 Bd7 37. Rf4 Be8 38. h5 Bd7 39. Nd1 Rfe8 40. Kf3 Kf7 41. Ne3 Rg5 42. Nf5 Bxf5 43. Rxf5 b5 44. axb6 Rb8 45. Kf4 Rxb6 46. b3 Rb8 47. Rf3 1/2-1/2

[Event "CAN-ch op 49th"]
[Site "Victoria"]
[Date "2012.07.09"]
[Round "4"]
[White "Ummel, Igor"]
[Black "MacKinnon, Keith"]
[Result "1-0"]
[WhiteElo "2171"]
[BlackElo "2183"]
[PlyCount "93"]
[EventDate "2012.07.08"]
[EventType "swiss"]
[EventRounds "9"]
[EventCountry "CAN"]
[SourceTitle "CBM 149 Extra"]
[Source "ChessBase"]
[SourceDate "2012.08.24"]
[SourceVersion "1"]
[SourceVersionDate "2012.08.24"]
[SourceQuality "1"]

1. e4 c5 2. Nc3 Nc6 3. f4 g6 4. Nf3 Bg7 5. Bc4 d6 6. 0-0 e6 7. d3 Nge7 8. Qe1 Nd4 9. Nxd4 cxd4 10. Ne2 0-0 11. Bb3 Bd7 12. f5 exf5 13. Qh4 Be6 14. Bg5 Re8 15. exf5 Nxf5 16. Rxf5 f6 17. Bxf6 Bxf6 18. Rxf6 Bxb3 19. Nxd4 Bf7 20. Qf4 Qe7 21. Rf1 Rf8 22. Nb5 Bxa2 23. Rxf8+ Rxf8 24. Qxf8+ Qxf8 25. Rxf8+ Kxf8 26. Nxd6 Bb1 27. c3 Bxd3 28. Nxb7 Ke7 29. Kf2 Be4 30. Nc5 Bd5 31. g3 Kd6 32. Nd3 g5 33. Ke3 h5 34. Kd4 h4 35. Nf2 hxg3 36. hxg3 Kc6 37. c4 Bf3 38. b4 a6 39. Ne4 g4 40. Nc5 Kb6 41. Nd7+ Kc7 42. Ne5 Be2 43. c5 Bf1 44. Nxg4 Kc6 45. Ne3 Bh3 46. g4 Kb5 47. Kd5 1-0

[Event "Seattle Seafair op"]
[Site "Seattle"]
[Date "2008.??.??"]
[Round "5"]
[White "Ummel, Igor"]
[Black "Xing, Kerry"]
[Result "1-0"]
[WhiteElo "1840"]
[BlackElo "2006"]
[PlyCount "37"]
[EventDate "2008.08.15"]
[EventType "swiss"]
[EventRounds "5"]
[EventCountry "USA"]
[SourceTitle "EXT 2017"]
[Source "ChessBase"]
[SourceDate "2016.10.25"]
[SourceVersion "1"]
[SourceVersionDate "2016.10.25"]
[SourceQuality "1"]

1. f4 d6 2. e4 c5 3. Nc3 g6 4. Nf3 Nc6 5. Bc4 Bg7 6. d3 e6 7. 0-0 Nge7 8. Qe1 Rb8 9. Qh4 0-0 10. f5 exf5 11. g4 Na5 12. Bg5 Nxc4 13. Bxe7 Qb6 14. Nd5 Qxb2 15. Nf6+ Bxf6 16. Bxf6 Ne5 17. Nxe5 Qd4+ 18. Kh1 dxe5 19. Qh6 1-0

[Event "Washington Class-ch A"]
[Site "Seattle"]
[Date "2006.11.26"]
[Round "6"]
[White "Wilson, Matthew Spencer"]
[Black "Ummel, Igor"]
[Result "1/2-1/2"]
[WhiteElo "1789"]
[BlackElo "1648"]
[PlyCount "61"]
[EventDate "2006.11.24"]
[EventType "swiss"]
[EventRounds "6"]
[EventCountry "USA"]
[SourceTitle "EXT 2017"]
[Source "ChessBase"]
[SourceDate "2016.10.25"]
[SourceVersion "1"]
[SourceVersionDate "2016.10.25"]
[SourceQuality "1"]

1. e4 c6 2. d4 d5 3. Nc3 dxe4 4. Nxe4 Bf5 5. Ng3 Bg6 6. Nf3 e6 7. h4 h6 8. h5 Bh7 9. Bd3 Bxd3 10. Qxd3 Nf6 11. c4 Bb4+ 12. Bd2 Bxd2+ 13. Qxd2 Qc7 14. 0-0 Nbd7 15. Rfe1 0-0-0 16. Qc3 Kb8 17. b4 Ka8 18. a4 a5 19. bxa5 c5 20. dxc5 Nxc5 21. Ne5 Rd6 22. Ng4 Nxg4 23. Qxg7 Rhd8 24. Qxg4 Nd3 25. Rf1 Qxa5 26. Qg7 Qc7 27. Qxh6 Qxc4 28. Qh7 f5 29. Qg6 Qd5 30. Ne2 Qe5 31. Ng3 1/2-1/2